Statistics for Flags of Oceania

Click here to take the quiz!

General Stats

  • This quiz has been taken 49,403 times
  • The average score is 10 of 14

Answer Stats

Answer% Correct
New Zealand
99%
Australia
99%
Fiji
83%
Tonga
74%
Papua New Guinea
73%
F.S. Micronesia
72%
Palau
71%
Kiribati
70%
Samoa
69%
Tuvalu
68%
Nauru
67%
Solomon Islands
65%
Marshall Islands
65%
Vanuatu
65%

Score Distribution

Percentile by Number Answered

Percent of People with Each Score

Your Score History

You have not taken this quiz